| 000 | 00000cam 2200000zi 4500 |
| 001 | 9.933871 |
| 003 | CaOODSP |
| 005 | 20260203102805 |
| 006 | m o d f |
| 007 | cr cn||||||||| |
| 008 | 240213e201404 quc ob f000 0 fre d |
| 040 | |aCaOODSP|bfre|erda|cCaOODSP |
| 043 | |an-cn--- |
| 086 | 1 |aEn4-641/2014F-PDF |
| 245 | 00|aÉvaluation du programme sur les aires protégées : |brapport final / |cDirection générale de la vérification et de l'évaluation. |
| 264 | 1|a[Gatineau QC] : |bEnvironnement Canada = Environment Canada, |cavril 2014. |
| 300 | |a1 ressource en ligne (iii, 40 pages) |
| 336 | |atexte|btxt|2rdacontent/fre |
| 337 | |ainformatique|bc|2rdamedia/fre |
| 338 | |aressource en ligne|bcr|2rdacarrier/fre |
| 500 | |aPublié aussi en anglais sous le titre : Evaluation of the Protected Areas Program : final report. |
| 504 | |aComprend des références bibliographiques. |
| 610 | 16|aCanada. |bEnvironnement Canada|xÉvaluation. |
| 650 | 6|aHabitat (Écologie)|xConservation|zCanada|xÉvaluation. |
| 710 | 1 |aCanada. |bEnvironnement Canada, |eorganisme de publication. |
| 775 | 08|tEvaluation of the Protected Areas Program : |w(CaOODSP)9.932242 |
| 794 | |tÉvaluation du Programme de conservation et de protection des habitats : |b2025|w(CaOODSP)9.954951 |
| 856 | 40|qPDF|s1.04 Mo|uhttps://publications.gc.ca/collections/collection_2024/eccc/en4/En4-641-2014-fra.pdf |
| 856 | 4 |qHTML|sS.O.|uhttps://www.canada.ca/fr/environnement-changement-climatique/organisation/transparence/priorites-gestion/evaluations/aires-protegees.html |